| 000 | 00853cam a22002771 4500 | ||
|---|---|---|---|
| 001 | 1186985 | ||
| 003 | ARRUPE | ||
| 005 | 20150910110909.0 | ||
| 008 | 840725s1965 nyua b 000 0 eng c | ||
| 010 | _a 65025545 //r84 | ||
| 035 | _a(OCoLC)ocm01292950 | ||
| 035 | _a(NNC)1186985 | ||
| 040 |
_aDLC/ICU _cCGU _dm.c. _dZCU |
||
| 050 | 0 |
_aQA279.5 _bJ43 1965 |
|
| 082 | 0 | _a519 | |
| 100 | 1 |
_aJeffrey, Richard C. _911333 |
|
| 245 | 1 | 4 |
_aThe logic of decision _c[by] R.C. Jeffery. |
| 260 |
_aNew York, _bMcGraw-Hill _c1965 |
||
| 300 |
_axiv, 201 p. _billus. _c24 cm. |
||
| 490 | 1 | _aMcGraw-Hill series in probability and statistics | |
| 504 | _aBibliographical footnotes. | ||
| 650 | 0 |
_aBavesion Statistical decision logic _919745 |
|
| 830 | 0 |
_aMcGraw-Hill series in probability and statistics. _919746 |
|
| 942 |
_2lcc _cMONOGRAPH |
||
| 999 |
_c123375 _d123375 |
||